| 000 | 00758nam a22001697a 4500 | ||
|---|---|---|---|
| 999 |
_c80445 _d80445 |
||
| 008 | 201130b ||||| |||| 00| 0 eng d | ||
| 040 |
_bger _cSTAFF _erda _aISIL EINTRAGEN |
||
| 041 | _ager | ||
| 100 | _aWeber-Rath, Ines: | ||
| 240 | _aDas war das Corona-Jahr 2020 in den Frankfurter Ortsteilen | ||
| 245 |
_aNot machte Dorfbewohner erfinderisch: _bBilanz: Die meisten Veranstaltungen sind ausgefallen. Erreicht wurde in den Ortsteilen dennoch einiges. Streit bremste einige Vorhaben aus/ _cInes Weber-Rath |
||
| 773 |
_dFrankfurt (Oder): Märkisches Verlags- und Druckhaus GmbH & Co KG _g31. Jahrgang (2020) Nr. 296 vom 19./20.12.2020, Seite 20 _tMärkische Oderzeitung |
||
| 942 | _cA | ||